[Event "EU-ch 1st"]
[Site "Saint Vincent"]
[Date "2000.07.04"]
[Round "2"]
[White "Azmaiparashvili, Zurab"]
[Black "Efimov, Igor"]
[Result "1-0"]
[WhiteElo "2673"]
[BlackElo "2520"]
[Annotator "Tsesarsky,I"]
[PlyCount "55"]
[EventDate "2000.07.03"]
[EventType "swiss"]
[EventRounds "11"]
[EventCountry "ITA"]
[SourceTitle "CBM 078"]
[Source "ChessBase"]
[SourceDate "2000.10.18"]
[SourceVersion "1"]
[SourceVersionDate "2000.10.18"]
[SourceQuality "1"]

1. d4 e6 2. c4 d5 3. Nf3 c6 4. Qc2 Nf6 5. Bg5 Nbd7 6. cxd5 (6. a3 h6 7. Bh4
dxc4 8. Qxc4 c5 9. Nc3 a6 10. Bxf6 gxf6 11. e3 b5 12. Qd3 cxd4 13. exd4 Bb7 14.
Be2 Qb6 15. a4 b4 16. Ne4 a5 17. Qe3 h5 18. Bb5 Bc6 19. Bxc6 Qxc6 20. d5 $1 $36
{1-0 Korchnoi,V-Drazic,S/Bratto 1998/ (37)}) (6. e3 Qa5+ {-See comments to the
game  1/2-1/2 Pelletier,Y-Grischuk,A/Batumi 1999/CBM 74/[Pelletier,Tsesarsky] 
(58)}) 6... cxd5 (6... exd5 7. e3 (7. Nc3 Bb4 8. e3 {Good for White version of
Carlsbad variation.} h6 9. Bh4 O-O 10. Bd3 $14 {Dudas,J-Bagyanszky,A/Budapest,
Papp mem(3) SZT 1995/1/2-1/2 (122)}) 7... Bd6 (7... Qa5+ 8. Nbd2 Ne4 9. Bh4 (9.
Bd3 Nxg5 $1 (9... Nxd2 $6 10. Nxd2 Bb4 11. a3 h6 12. Bh4 Nb6 13. O-O Bxd2 14.
b4 Qa4 (14... Bxb4 15. axb4 Qxb4 16. Rfb1 Qd6 17. Rxb6 $18) 15. Qxd2 Be6 16.
Bc2 Qa6 17. a4 Nc4 18. Qd3 Qb6 19. Rab1 $14 {1-0 Schlosser,P-Rotoni,F/Velden
1993 (32)}) 10. Nxg5 Be7 11. Ngf3 $11) 9... Bb4 10. Bd3 f5 11. a3 O-O 12. O-O
Bd6 13. Bg3 Qc7 14. b4 a6 15. Bxd6 Qxd6 16. Rfe1 $14 {1-0 Lobron-Sevillano/
Moscow olm 1994/ (44)}) 8. Bd3 {Good for White version of Carlsbad variation.}
h6 9. Bh4 Nf8 10. Nc3 Be6 11. Rb1 N8d7 12. b4 $14 {1-0 Kouatly,B-Roos,L/FRA tt
1989/ (43)}) 7. e3 $5 (7. Nc3 Be7 8. e3 a6 9. Bd3 b6 $1 (9... b5 $6 {[%csl Rb5]
[%cal Ga2a4]} 10. O-O Bb7 11. a4 b4 12. Nb1 a5 13. Qe2 h6 14. Bh4 Ne4 15. Bxe7
Kxe7 16. Nbd2 $14 {1/2-1/2 Nielsen,P-Luther,T/Minsk 1994/ (26)}) (9... h6 10.
Bf4 O-O 11. g4 $1 Ne4 12. Nxe4 dxe4 13. Bxe4 $14 {1-0 Cebalo,M-Zorman,V/Pula
PCA ,EXT 1994/ (32)}) 10. O-O Bb7 $11 {-Tsesarsky. The only advantage White
has is the difference between Bb7 and Bd3, but Black plays 0-0, h7-h6 and
neutralize this minimal advantage.}) (7. a3 b6 8. e3 Bb7 9. Nc3 a6 10. Bd3 Be7
11. O-O O-O 12. a4 h6 13. Bh4 Nb8 14. Ne5 Nfd7 $1 15. Bxe7 Qxe7 16. f4 Nc6 17.
Nxc6 Bxc6 18. Qb3 Rfc8 19. Rac1 Bb7 20. Nb1 Qd8 {This game is very important
for this variation theory. Grischuk show the way of neutralization of minimal
White advantage.} 21. Nd2 a5 22. Nf3 {1/2-1/2 Hansen,C-Grischuk,A/Esbjerg DEN
2000/The Week in Chess 297 (22)}) 7... Bd6 $6 $14 (7... b6 $1 $11 {[%cal Gc8b7]
[%mdl 4] according to Grischuk's plan}) 8. Bd3 $1 {[%mdl 4] White delay Nb1
development, depending of Black reaction, Nb1 will jump to c3 or d2.} (8. Nc3
$6 a6 9. Bd3 h6 10. Bh4 b6 $11 {[%cal Gc8b7,Ge8g8] -like in the game Hansen -
Grischuk}) 8... Nf8 $2 $16 ({Better is} 8... h6 9. Bh4 O-O 10. O-O $14) ({
Black now can't play} 8... b6 $2 {because of} 9. Qc6 Bb4+ 10. Nbd2 Rb8 11. Bf4
Bb7 12. Qa4 Bxd2+ 13. Nxd2 Ra8 14. Rc1 $16) 9. Nc3 {Now, after tempo (or 2)
loss, this natural move is good.} Bd7 10. O-O (10. Ne5 $16) 10... Rc8 11. Ne5
a6 12. Qb3 b5 {[%csl Ra6,Rb5][%cal Ga2a4]} (12... Qc7 13. Rac1 Bc6 (13... Bxe5
14. dxe5 Qxe5 15. Bf4 Qh5 16. Qxb7 $18) 14. f4 $16 {[%csl Re8]}) 13. Rfc1 {
[%cal Ga2a4]} Qc7 (13... Ng6 14. Nxd7 $1 Qxd7 15. Nxb5 $1 $18) 14. Ne2 Qb8 15.
Rxc8+ Bxc8 16. a4 $1 {[%csl Rb5]} Ne4 $6 (16... Ng6 $142 $5 17. axb5 (17. Nc6
Bxh2+ 18. Kh1 Qc7 19. axb5 Ng4 20. g3 f6 21. bxa6 O-O 22. f3 fxg5 23. fxg4 Bxg3
24. Bxg6 hxg6 25. a7 Bb7 26. Ne7+ Qxe7 27. Nxg3 $16) 17... Nxe5 18. dxe5 Bxe5
19. f4 Bd6 20. Qc3 axb5 21. Bxf6 (21. Bxb5+ Ke7 22. Qc6 Rd8 23. Ra8 Qc7 24.
Qxc7+ Bxc7 25. Ra7 Kd6 26. Nd4 $14) 21... gxf6 22. Qxf6 Rg8 23. Bxh7 $16) 17.
Bf4 $18 {Position of Black is lost. White Attack on the queenside and
development advantage make Black position hopeless.} Ng6 (17... Nd2 18. Qc2 Nc4
19. axb5 axb5 20. b3 Nxe5 21. Bxb5+ Nfd7 22. dxe5 Be7 23. Qc6 $18) 18. axb5 (
18. Nxg6 $5 hxg6 {[%csl Rh2][%cal Gh8h2]} 19. axb5 (19. Bxe4 dxe4 20. axb5 Bxf4
21. exf4 axb5 $14) 19... Bxf4 20. exf4 (20. Nxf4 g5 21. Qa4 Bd7 22. Nh3 g4 23.
Nf4 g5 24. Qxa6 gxf4 25. exf4 Nxf2 26. Qa8 Qxa8 27. Rxa8+ Ke7 28. Rxh8 Nxd3 29.
b6 Bc6 $132) 20... g5 21. Qa4 axb5 22. Bxb5+ $18) 18... Bxe5 19. Bxe5 Nxe5 20.
dxe5 Nc5 (20... O-O 21. f3 Nc5 22. Bxh7+ Kxh7 (22... Kh8 23. Qb4 $18) 23. Qc2+
Kg8 24. Qxc5 $18) 21. Qc3 Nxd3 22. bxa6 $1 Nxe5 (22... Bxa6 23. Rxa6 $18) 23.
a7 Qa8 24. Qxe5 O-O 25. Nf4 (25. Qb8 Bd7 26. Qxa8 Rxa8 27. Nc3 Kf8 28. b4 Ke7
29. b5 Kd6 30. b6 Kc6 31. Na4 Bc8 32. f4 $18) 25... Bd7 26. Nh5 f6 27. Qd6 Rf7
28. Nf4 1-0

[Event "Linz"]
[Site "Linz"]
[Date "1997.05.20"]
[Round "4"]
[White "Beim, Valery"]
[Black "Wach, Markus"]
[Result "1/2-1/2"]
[WhiteElo "2555"]
[BlackElo "2415"]
[Annotator "Tsesarsky,I"]
[PlyCount "38"]
[EventDate "1997.05.17"]
[EventType "tourn"]
[EventRounds "9"]
[EventCountry "AUT"]
[EventCategory "12"]
[SourceTitle "CBM 059"]
[Source "ChessBase"]
[SourceDate "1997.08.01"]
[SourceVersion "1"]
[SourceVersionDate "1997.08.01"]
[SourceQuality "1"]

1. c4 c6 2. d4 d5 3. Nf3 Nf6 4. Qc2 e6 5. g3 dxc4 6. Qxc4 b5 7. Qc2 Bb7 8. Bg2
Nbd7 9. a4 (9. O-O c5 10. a4 b4 11. Bg5 Rc8 12. dxc5 Bxc5 13. Qd3 O-O 14. Nbd2
Qc7 (14... Qe7 $11) 15. Nb3 Be4 $11 {1-0 Prokopisin,V-Taskovits,I/HUN-chT2
9394/1994/ (47)} (15... Ne5 $5 16. Nxe5 (16. Qb5 $1 Nxf3+ (16... Bxf3 17. exf3
Be7 18. Rac1 $14) 17. Bxf3 Bxf3 18. exf3 Be7 19. Rac1 Qd6 20. Qb7 $14) 16...
Bxg2 17. Bxf6 Bxf1 18. Nxc5 Qxc5 19. Nd7 Qc2 20. Nxf8 Qxd3 21. exd3 Kxf8 22.
Bxg7+ Kxg7 23. Rxf1 Rc2 24. Rb1 Rd2 25. b3 a5 $15)) 9... c5 $1 (9... b4 10. a5
$6 (10. e4 $5) 10... c5 11. O-O Rc8 12. dxc5 Bxc5 13. Qa4 O-O $11 {1-0
Gavrilov,A-Belikov,V/Moscow op 1995 (40)}) (9... a6 10. O-O (10. Ng5 Qb6 11.
O-O c5 12. Bxb7 Qxb7 13. axb5 axb5 14. Rxa8+ Qxa8 15. dxc5 Bxc5 16. Nc3 b4 17.
Nce4 $14 {Grabarczyk,M-Matlak,M/POL-ch (12)/1993/1-0 (64)}) 10... Be7 11. Nc3
O-O 12. Rd1 Qb6 13. e4 c5 14. e5 (14. Bg5 $5 b4 (14... cxd4 15. Nxd4 (15. Rxd4
$5 Ne5 16. Rd2 (16. Rad1 $2 Nxf3+ 17. Bxf3 b4 18. Qb3 (18. Ne2 Rac8 19. Qb3 Bc5
20. Bxf6 gxf6 $17) 18... Bc5 19. Bxf6 gxf6 $17) 16... Nxf3+ 17. Bxf3 b4 18. a5
Qc6 19. Ne2 Qxc2 20. Rxc2 $11)) 15. a5 Qa7 16. Ne5 (16. Bxf6 Nxf6 17. e5 bxc3
18. exf6 Bxf6 19. bxc3 Rab8 $17) 16... Nxe5 17. dxe5 bxc3 18. exf6 gxf6 19. Bh4
cxb2 20. Qxb2 Bc6 (20... Kg7 $2 21. Rd7 $18) 21. Bxf6 $16) 14... Nd5 15. Bg5
Nb4 (15... Nxc3 $1 16. dxc5 $5 (16. Bxe7 Nxd1 17. Bxf8 Rxf8 18. Rxd1 (18. Ng5
g6 19. a5 Qa7 20. Bxb7 Qxb7 21. Rxd1 cxd4 22. f4 Rc8 23. Qd2 (23. Qe4 Qxe4 24.
Nxe4 Rc4 $15) 23... Rc5 $15) 18... Bxf3 19. Bxf3 cxd4 20. Qe4 (20. axb5 Nxe5
$17) 20... bxa4 21. Rxd4 Qb5 $17) 16... Bxc5 (16... Nxc5 17. Bxe7 Nxd1 18. Bxc5
Rfc8 19. b4 $18) 17. bxc3 Qc7 18. Bf4 Be7 19. axb5 axb5 20. Rab1 b4 21. Qd2 (
21. Ng5 Bxg5 22. Bxb7 Qxb7 23. Bxg5 Nxe5 24. Rxb4 Nf3+ $19) 21... Rad8 22. cxb4
Bxf3 23. Bxf3 Nxe5 $11) 16. Qd2 Bxg5 17. Qxg5 cxd4 18. Rxd4 Bxf3 19. Rxb4 Qc5
20. Bxf3 Qxb4 21. Bxa8 Rxa8 22. Rd1 Nf8 $11 {0-1 Maroto,J-Luther,T/Olot op
1994 (33)}) 10. axb5 (10. dxc5 Be4 11. Qb3 bxa4 12. Qxa4 Bxc5 $10) 10... cxd4
11. O-O Nc5 $6 $146 (11... Bc5 $142 12. Qd2 $6 (12. Rd1 $5 Rc8 13. Qa4 d3 14.
exd3 Qb6 15. d4 Bxf3 16. Bxf3 Bxd4 17. Qxd4 Qxd4 18. Rxd4 Rxc1+ 19. Rd1 Rc7 $10
) 12... e5 13. Qg5 (13. b4 Bb6) 13... h6 14. Qf5 (14. Qxg7 $2 Rh7) 14... Be4
$17 {0-1 Gretarsson,H-Hector,J/Reykjavik op 1996 (24)}) (11... e5 $6 12. Nxe5
Bxg2 13. Nxd7 Rc8 14. Nxf6+ gxf6 15. Qa4 Bxf1 16. b6+ Ke7 17. Qxa7+ $14) 12.
Qd1 $5 (12. Rd1 $6 Be4 $8 13. Qc4 Bd5 $8 14. Qxd4 $8 (14. Qc2 Bb3 $19) 14...
Nb3 15. Qa4 Nxa1 16. Nc3 Bc5 17. Nxd5 $5 (17. e4 $2 Bxf2+ $1 18. Kxf2 Qb6+ 19.
Ke2 Bb3 20. Qxa1 Bxd1+ $19) 17... exd5 $1 (17... Nxd5 $2 18. e4 $1 Qb6 19. exd5
Bxf2+ 20. Kh1 Rd8 21. Qxa1 Rxd5 22. Rxd5 exd5 23. b4 O-O 24. Bb2 f6 25. Nd4 $14
) 18. Qxa1 O-O $15) 12... e5 (12... d3 13. exd3 Nxd3 14. Be3 $14) 13. Nxe5 $6 (
13. b4 Ncd7 14. Qa4 Nb6 $11) (13. e3 $1 Bxf3 (13... d3 14. Nxe5 Bxg2 15. Kxg2
Qd5+ 16. Nf3 Nfe4 17. Nc3 $16) (13... dxe3 14. Bxe3 Nfd7 (14... Qc7 15. b4 Ncd7
16. Qb3 Bd5 17. Qa3 $14)) 14. Bxf3 e4 15. exd4 exf3 16. dxc5 Qxd1 17. Rxd1 Bxc5
18. b4 $1 Bb6 (18... Bxb4 19. Be3 $14) 19. Ra3 $1 $14) 13... Bxg2 14. Kxg2 Qd5+
15. Nf3 Nb3 16. Ra6 (16. Ra2 $5 Nd2 (16... Nxc1 17. Qxc1 Bc5 18. Ra4 $16) (
16... Qxb5 17. Bf4 Bc5 18. Na3 $16) 17. Nbxd2 Qxa2 18. Qc2 Qd5 19. Qc6+ Qxc6
20. bxc6 Bc5 (20... a5 21. Nxd4 Bb4 22. Nc4 Rd8 (22... Rc8 23. Nb6 $18) 23. Rd1
Nd5 24. Bd2 Nc7 25. e3 $14) 21. Nb3 Bb6 22. Nbxd4 Rc8 23. b4 a6 24. Rd1 $14)
16... Qxb5 17. Qd3 Qxd3 18. exd3 Be7 (18... Bb4 $6 19. Bd2 Nxd2 20. Nbxd2 Bxd2
21. Nxd2 O-O 22. Rfa1 $16) 19. Re1 Nd5 (19... Nd5 {(} 20. Ra4 $5 (20. Bg5 f6
21. Bd2 Kf7 $11) 20... Nxc1 21. Rxc1 Nb4 22. Nxd4 Nxd3 23. Rc7 Bc5 (23... Bf6
24. Nc6 (24. Nf5 O-O 25. Raxa7 Rxa7 26. Rxa7 g6 $11) 24... O-O (24... Nxb2 25.
Re4+ Kf8 26. Nxa7 $14) 25. b4 a6 26. h4 $14) 24. Nc6 O-O 25. b4 Bb6 (25... Bxf2
$2 26. Rd7 $18) 26. Rd7 Nxf2 27. Nc3 $44) 1/2-1/2

[Event "EU-Cup 14th final"]
[Site "Belgrade"]
[Date "1999.01.11"]
[Round "1"]
[White "Kurajica, Bojan"]
[Black "Markowski, Tomasz"]
[Result "1/2-1/2"]
[WhiteElo "2536"]
[BlackElo "2549"]
[Annotator "Tsesarsky,I"]
[PlyCount "80"]
[EventDate "1999.01.11"]
[EventType "team-k.o."]
[EventRounds "3"]
[EventCountry "YUG"]
[SourceTitle "EXT 2020"]
[Source "ChessBase"]
[SourceDate "2019.10.17"]
[SourceVersion "1"]
[SourceVersionDate "2019.10.17"]
[SourceQuality "1"]
[WhiteTeam "Sarajevo Bosna"]
[BlackTeam "Gorzow Stilon Welkopolski"]
[WhiteTeamCountry "BIH"]
[BlackTeamCountry "POL"]

1. d4 d5 2. c4 e6 3. Nf3 c6 4. Nbd2 f5 5. g3 Nd7 (5... Bd6 6. Bg2 Qf6 7. Qc2
Nh6 8. b3 Nd7 9. Bb2 O-O 10. O-O Nf7 11. Ne1 g5 12. Nd3 {+= 0-1 Flores Alvarez,
R-Grau,R/Carrasco 1938 (39)}) 6. Bg2 Nh6 (6... Bd6 7. O-O (7. b3 Nh6 8. Bb2 O-O
9. e3 Qf6 10. Qc2 a5 11. O-O {+=} (11. a4 $6 Nb8 {=} (11... Bb4 $132) (11...
Bb8 12. Ng1 $6 $132 {1-0 Heino,H-Molari,J/FIN-chT 1987/EXT 87ch2 (48)}))) (7.
Qc2 Ngf6 8. cxd5 cxd5 9. O-O O-O 10. Ne1 Qe7 11. Nd3 b6 12. Nf3 Ba6 13. Qa4 Bc4
14. Bf4 Ne4 15. Bxd6 Qxd6 16. Rfe1 a5 17. Nfe5 Nxe5 18. Nxe5 {+= 0-1 Bielicki,
C-Garcia,P/Buenos Aires 1963 (73)}) 7... Ngf6 (7... Qf6 8. Nb3 (8. b3 Nh6 9.
Bb2 Ng4 10. Re1 O-O 11. e3 {+= 0-1 Fokin,S-Vorotnikov,V/Daugavpils 1978 (48)})
(8. cxd5 exd5 9. Nb3 Ne7 10. Bf4 O-O 11. Qd2 Ng6 12. Rac1 Bxf4 13. gxf4 Nh4 14.
Rc3 Nxf3+ 15. Rxf3 Nb6 16. Qc3 Nc4 17. Rg3 Nd6 18. f3 Be6 19. e3 Rac8 $132 {
0-1 Peng Zhaoqin-Ioseliani,N/FIDE Cand (Women), Groningen NED 1997 (40)}) 8...
Ne7 (8... h6 9. Bf4 Bxf4 10. gxf4 g5 11. Qd2 Ne7 12. fxg5 Qg7 13. cxd5 Nxd5 14.
g6 b6 15. Kh1 {+/- 1-0 Andersson,U-Yusupov,A/Leningrad(4) 1987 (27)}) 9. Bg5 (
9. Bf4 Bxf4 10. gxf4 dxc4 11. Na5 b5 12. Ne5 (12. a4 Rb8 13. Ne5 Nxe5 14. fxe5
Qg6 15. Kh1 Rb6 16. Rg1 Qh5 17. Bf3 Qf7 18. axb5 cxb5 {~=}) 12... Nxe5 13. fxe5
Qg5 14. Kh1 Bd7 15. f4 (15. b3 cxb3 16. axb3 O-O 17. Nb7 {~=}) 15... Qh4 16.
Nb7 {+=} (16. a4 Nd5 {=+})) 9... Qf7 10. cxd5 exd5 11. Bf4 Bxf4 12. gxf4 O-O
13. Nc1 Qh5 14. Nd3 Ng6 15. e3 Nh4 {= 0-1 Kobatianski Alexander-Bogdanovich,G/
BL (2nd) South 1996 (39)}) (7... g5 8. cxd5 exd5 9. Nb3 h6 10. Ne1 Qf6 11. Nd3
Ne7 12. Bd2 $132 (12. f4 $6 g4 13. Bd2 {=+} (13. Be3 $2 h5 {-/+ 0-1 Alatortsev
Vladimir-Koblenc,A/ch URS Moscow RUS 1945 (25)}))) (7... Nh6 8. cxd5 exd5 9.
Nb3 Nf7 10. Qc2 Qf6 11. Bf4 g5 12. Bxd6 Nxd6 13. Nc5 Nxc5 14. Qxc5 h6 15. Ne5
O-O 16. f4 {+= 1/2-1/2 Hoffman,A-de las Heras,J/Miguel Najdorf Open Buenos
Aires 1997 (47)}) 8. Qc2 (8. b3 Ne4 9. Bb2 O-O 10. e3 b6 11. Nxe4 fxe4 12. Nd2
Ba6 13. f3 exf3 14. Rxf3 Rxf3 15. Bxf3 Qg5 16. e4 Bb4 $1 17. Nf1 dxc4 (17...
Rf8 $2 18. a3 Be7 19. Bg4 Qg6 20. exd5 cxd5 21. Qe2 Rf6 22. Re1 Nf8 23. Bh5 Qf5
24. Bg4 (24. Ne3 Qg5 25. Qg4 Qxg4 26. Bxg4 dxc4 27. Nxc4 Bb7 {=}) 24... Qg6 25.
Bh5 Qf5 26. Bg4 {1/2-1/2 Hetey,L-Shurygin,S/Budapest FS10 IM-B 1995 (26)}) 18.
a3 Be7 19. Rc1 c5 {-/+}) 8... O-O 9. b3 (9. Ne1 Qe7 10. Ndf3 b6 11. Nd3 Bb7 12.
Bf4 {+=} (12. Bg5 c5 13. cxd5 Bxd5 14. dxc5 Nxc5 15. Nf4 Be4 {= 1-0 Kachiani
Gersinska Ketino-Kamp,C/BL (2nd) West 1996 (44)})) 9... Qe7 (9... Ne4 10. Bb2
Qf6 11. Ne1 Qh6 12. Nxe4 (12. Ndf3 f4 13. Nd3 fxg3 14. hxg3 Qg6 15. Nde5 Nxe5
16. Nxe5 Bxe5 17. Bxe4 (17. dxe5 Nxg3 18. Rfc1 Nf5 {-/+}) 17... Qxe4 18. Qxe4
dxe4 19. dxe5 Bd7 20. Rad1 {+/-}) 12... fxe4 13. f3 Nf6 14. Qc1 Qh5 15. Nc2 e5
16. cxd5 exf3 17. exf3 Nxd5 18. dxe5 Bxe5 19. Bxe5 Qxe5 20. Qd2 {= 1/2-1/2
Chuchelov,V-Dgebuadze,A/Berliner Sommer 1995 (36)}) 10. Ne1 b6 11. cxd5 cxd5
12. Nc4 Ba6 13. Nxd6 Qxd6 14. Nf3 Rfc8 15. Qb2 Ne4 16. Bf4 Qe7 17. Rfc1 {
+= 1-0 Cvitan,O-Zorman,V/Pula 1994 (32)}) 7. O-O Nf7 8. Qc2 (8. b3 Bd6 9. Ne1
O-O 10. Nd3 Qe7 11. Bb2 b6 12. f3 Bb7 13. e4 Rfe8 14. e5 Ba3 15. Bxa3 Qxa3 16.
f4 Qe7 17. cxd5 {+=} (17. a4 a5 18. Qb1 c5 $132 {1-0 Arencibia, W-Hernandez,Y/
Alcobendas ,EXT 1994 (42)})) 8... Qf6 9. Rb1 a5 10. a3 a4 11. b4 axb3 12. Nxb3
(12. Qxb3) 12... Be7 13. Bb2 O-O (13... dxc4 14. Qxc4 Bxa3 15. Ra1 Nb6 16. Qc2
Bxb2 17. Rxa8 Nxa8 18. Qxb2 O-O 19. Ra1 Nc7 20. Nc5 Nb5 21. e3 {~=}) 14. c5 g5
15. Ne1 (15. Ne5 Nfxe5 16. dxe5 Qh6 (16... Nxe5 17. f4 {+-}) 17. f4 Ra4 18. e3
Rc4 {-/+}) (15. Nfd2 Bd8 16. e3 {+=}) 15... Qh6 16. Nd3 Bf6 17. f3 (17. f4 gxf4
18. Nxf4 Bg5 19. Bc1 {+=}) 17... Bg7 18. e4 f4 (18... fxe4 19. fxe4 dxe4 20.
Bxe4 Nf6 21. Bh1 $1 (21. Bg2 Ng4 {-/+}) 21... Nd5 22. Rbe1 {+=}) 19. gxf4 gxf4
20. e5 {+=} Nh8 (20... Ng5 21. Bc1 Qg6 22. Kh1 {+/-}) 21. Kh1 Ng6 22. Nf2 $6
$132 (22. Rg1 Nh4 (22... Rf7 23. Qd2 Ndf8 (23... Nh4 24. Bc1 Ng6 25. Bf1 Ndf8
26. Rg4 {+/-}) 24. Bc1 {+=}) 23. Bc1 Rf7 24. Qd2 Ng6 {+=}) 22... Nh4 23. Rg1
Rf7 (23... Nxg2 24. Rxg2 {+/-}) 24. Qe2 (24. Ng4 Qh5 25. Nc1 Nf5 26. h3 Qh4 (
26... Ne3 27. Nxe3 fxe3 28. Qe2 Bh6 29. f4 Qxe2 30. Nxe2 {+/-}) 27. Nd3 Qg3 28.
Qf2 Ra4 29. Nb4 $132) 24... Nf8 25. Bh3 (25. Ng4 Qh5 26. Bh3 Nfg6 27. Nf6+ Bxf6
28. Bg4 Qh6 29. exf6 Rxf6 {=+}) 25... Nfg6 26. Rg4 Nf5 27. Rgg1 (27. Rbg1 Ne3
28. Rg5 Bf8 $1 {-/+}) 27... Ne3 28. Nc1 Ra4 29. Ncd3 Rc4 $6 (29... Qh4 $132)
30. Rbc1 Qh4 $2 {+/-} (30... Ra4 $132) 31. Bc3 $2 $132 (31. Rxc4 Nxc4 32. Bc1
Rf8 33. Rg4 Qh6 34. Bg2 Rf5 35. Nxf4 Nxf4 36. Rxf4 Rxf4 37. Nd3 (37. Nh3 Re4 $3
{-+}) 37... Qh4 38. Bxf4 Nxa3 39. Qa2 Nc4 40. Qa8 Qd8 41. Bg5 $1 {+/-}) 31...
Ra4 32. Ra1 Kh8 33. Nb2 Ra8 34. a4 Ne7 35. Be1 (35. a5 N7f5 36. Nbd3 Bh6 37.
Rab1 {=}) 35... Bd7 $6 {+=} (35... N7f5 36. Bxf5 Nxf5 37. Ng4 Qh3 $132) 36.
Nbd3 Bh6 $6 {+/-} (36... Rg8 $142 37. Bg4 Qh6 38. Nd1 Nxg4 39. Rxg4 Bf8 40.
Rxg8+ Kxg8 41. N1f2 Bg7 42. Ng4 Qh3 43. Bf2 Ng6 44. Rg1 {+=}) 37. Bg4 N7f5 38.
Ne4 $6 (38. Nh3 Qe7 39. Bxf5 Nxf5 40. Qb2 Raf8 41. Bf2 Be8 42. a5 Ne3 43. Rab1
Nc4 44. Qe2 Rf5 45. Rg4 Bh5 46. Bh4 Qd7 47. Rg2 Bg7 48. Rbg1 Bg6 49. Bg5 Nxa5
50. Nhxf4 Nc4 51. Bf6 $1 {+/-}) (38. Bxf5 $1 Rxf5 39. Ne4 $1 Qh5 40. Nf6 {+-})
38... Qe7 39. Nd6 $2 (39. Bxf5 Nxf5 40. Nd6 Nxd4 41. Nxf7+ Qxf7 42. Qf2 Nf5 43.
Bd2 Ng3+ 44. hxg3 Qh5+ 45. Qh2 Qxh2+ 46. Kxh2 fxg3+ 47. Rxg3 Bxd2 48. Rb1 {+/-}
) 39... Nxd4 $2 (39... Rg7 $132) 40. Nxf7+ Qxf7 (40... Qxf7 41. Qb2 Nxg4 42.
Qxd4 Ne3 43. Bh4 Nf5 44. Qf2 Bg7 (44... Nxh4 45. Qxh4 {+/-}) 45. Bg5 {+/-})
1/2-1/2